Ancient and mediaeval grammatical theory in Europe, with particular reference to modern linguistic doctrines
Furkejuvvon:
| Váldodahkki: | |
|---|---|
| Materiálatiipa: | Girji |
| Giella: | eaŋgalasgiella |
| Almmustuhtton: |
Londres
Bell & Sons
1951
|
| Fáttát: | |
| Fáddágilkorat: |
Lasit fáddágilkoriid
Eai fáddágilkorat, Lasit vuosttaš fáddágilkora!
|
MARC
| LEADER | 00000nam a2200000 a 4500 | ||
|---|---|---|---|
| 001 | UCI0264 | ||
| 003 | CL-VaPUC | ||
| 008 | 070504e19510000UK |||||||||||||||||eng|d | ||
| 082 | 0 | 4 | |a 415 |b ROB |2 21 |
| 100 | 0 | |a Robins, R. H |e author |9 520413 | |
| 245 | 1 | 0 | |a Ancient and mediaeval grammatical theory in Europe, with particular reference to modern linguistic doctrines |
| 300 | |a 104 p | ||
| 942 | |c BK | ||
| 945 | |d 20070504 00:00:00 |a jtorresc | ||
| 260 | |a Londres |b Bell & Sons |c 1951 | ||
| 650 | 0 | |a Gramática |9 270497 | |
| 650 | 0 | |a Lingüística |9 265068 | |
| 650 | 0 | |a Historia |9 255047 | |
| 583 | |a last modification |c 20130304 04:43:00 |k Rodrigo Vera | ||
| 999 | |c 325502 |d 325500 | ||
| 952 | |0 0 |1 0 |4 0 |6 415_000000000000000_ROB_1951 |7 0 |8 A |9 406480 |a FDOPOS |b FDOPOS |d 2019-11-22 |i 4274474 |o 415 ROB 1951 |p 4274474 |r 2025-01-22 |w 2019-11-22 |y BK |k MLA | ||